Loading...
| Fine Arts - Painting and Sculpture | 0 | 6 | 0 | 1 | 60 | 50 | 77.17 | 0 | 0 | 19.02 | 27.86 |
| Science - Physics | 0 | 5 | 1 | 1 | 45 | 41 | 69.40 | 0 | 0 | 15.91 | 20.05 |
| Science - Biology | 0 | 3 | 0 | 1 | 30 | 63 | 78.67 | 0 | 0 | 6.94 | 10.72 |
| Science - Other | 0 | 3 | 1 | 1 | 25 | 72 | 88.67 | 0 | 0 | 5.94 | 12.12 |
| Literature - World | 0 | 2 | 0 | 0 | 20 | 73 | 75.50 | 0 | 1 | 7.24 | 12.12 |
| Mythology | 0 | 2 | 0 | 0 | 20 | 70 | 78.50 | 0 | 1 | 5.67 | 11.54 |
| Literature - American | 0 | 2 | 0 | 0 | 20 | 88 | 111.00 | 0 | 0 | 2.01 | 6.06 |
| Literature - British | 0 | 2 | 0 | 0 | 20 | 47 | 61.00 | 0 | 0 | 8.58 | 11.19 |
| Literature - European | 0 | 2 | 0 | 0 | 20 | 62 | 91.00 | 0 | 1 | 4.40 | 8.51 |
| Social Science | 0 | 1 | 0 | 1 | 10 | 80 | 80.00 | 0 | 0 | 3.41 | 2.08 |
| Fine Arts - Classical Music | 0 | 1 | 0 | 0 | 10 | 115 | 115.00 | 0 | 0 | 0.92 | 4.90 |
| History - American | 0 | 1 | 0 | 0 | 10 | 74 | 74.00 | 0 | 1 | 3.53 | 8.39 |
| Philosophy | 0 | 1 | 0 | 0 | 10 | 53 | 53.00 | 0 | 1 | 6.07 | 9.62 |
| Current Events | 0 | 1 | 0 | 0 | 10 | 109 | 109.00 | 0 | 0 | 0.00 | 2.08 |
| Science - Chemistry | 0 | 1 | 1 | 0 | 5 | 86 | 86.00 | 0 | 0 | 0.21 | 3.79 |